[Event "4NCL Online Division 6"]
[Site "online"]
[Date "2020.11.03"]
[Round "6.91"]
[White "MacLeod, Alasdair"]
[Black "Freeman, Ashley"]
[Result "1-0"]
[WhiteElo "1832"]
[BlackElo "1975"]
[PlyCount "95"]
[EventDate "2020.11.03"]
[WhiteTeam "Deaf England"]
[BlackTeam "Redbridge All Sorts 1"]

1. e4 e5 2. Nf3 Nc6 3. Bc4 Nf6 4. Ng5 d5 5. exd5 Na5 6. Bb5+ c6 7. dxc6 bxc6 8.
Bd3 Nd5 9. Ne4 f5 10. Ng3 g6 11. O-O Bg7 12. Re1 O-O 13. Na3 Nf4 14. Bf1 c5 15.
d3 Rb8 16. Rb1 Qc7 17. c3 Rd8 18. Qc2 Bb7 19. Bd2 Qd7 20. Be3 Qc6 21. f3 Nd5
22. Bf2 h5 23. Ne2 Rbc8 24. Nc1 Nf4 25. Nb3 Nxb3 26. axb3 Rd7 27. Nc4 Qc7 28.
Bg3 Rcd8 29. Rbd1 g5 30. Bxf4 gxf4 31. Qe2 Re8 32. Qf2 Bf6 33. Qc2 Rg7 34. Kh1
Rg5 35. Re2 Qg7 36. Rde1 Bxf3 37. Rf2 e4 38. Rxf3 exf3 39. Rxe8+ Kh7 40. Qf2
fxg2+ 41. Bxg2 Rg4 42. Bf3 Bh4 43. Qf1 Rg5 44. Re2 Bg3 45. hxg3 fxg3 46. Qe1
g2+ 47. Bxg2 Rg4 48. Re7 1-0

[Event "4NCL Online Division 6"]
[Site "online"]
[Date "2020.11.03"]
[Round "6.92"]
[White "Hunnable, Ian D"]
[Black "Dwek, Ilan G"]
[Result "1-0"]
[WhiteElo "1967"]
[BlackElo "1675"]
[PlyCount "93"]
[EventDate "2020.11.03"]
[WhiteTeam "Redbridge All Sorts 1"]
[BlackTeam "Deaf England"]

1. Nf3 Nf6 2. d4 e6 3. c4 d5 4. Bg5 Be7 5. e3 h6 6. Bh4 O-O 7. Nbd2 c6 8. Bd3
Nbd7 9. O-O Re8 10. Rc1 dxc4 11. Nxc4 Nd5 12. Bg3 Bf6 13. a3 N7b6 14. Nce5 Bxe5
15. Nxe5 Nd7 16. Qc2 Nxe5 17. Bxe5 f6 18. Bg3 Ne7 19. f3 Nd5 20. Rfe1 a6 21. e4
Ne7 22. Qc5 Kh8 23. Rcd1 b5 24. Bb1 Bb7 25. Ba2 Nc8 26. Qh5 Qe7 27. e5 Nb6 28.
exf6 Qxf6 29. Be5 Qg5 30. Qxg5 hxg5 31. Bxe6 Rxe6 32. Bxg7+ Kxg7 33. Rxe6 Nd5
34. Rde1 Rb8 35. R1e5 g4 36. fxg4 Rf8 37. h4 Bc8 38. Rg5+ Kf7 39. Rxc6 Ne7 40.
Rc7 Ke8 41. Re5 Rf7 42. Rxc8+ Kd7 43. Ra8 a5 44. Ra7+ Kd6 45. Raxe7 Rxe7 46.
Rxe7 Kxe7 47. Kf2 1-0

[Event "4NCL Online Division 6"]
[Site "online"]
[Date "2020.11.03"]
[Round "6.93"]
[White "David, Barry A H"]
[Black "Newton, Colin"]
[Result "0-1"]
[WhiteElo "1667"]
[BlackElo "1742"]
[PlyCount "110"]
[EventDate "2020.11.03"]
[WhiteTeam "Deaf England"]
[BlackTeam "Redbridge All Sorts 1"]

1. e4 d6 2. d4 Nf6 3. Nc3 g6 4. Be2 Bg7 5. Be3 O-O 6. h4 e5 7. f3 Nh5 8. g4 Ng3
9. Rh2 Nxe2 10. Ngxe2 Nd7 11. Qd2 exd4 12. Nxd4 Ne5 13. Qe2 c6 14. O-O-O Be6
15. h5 g5 16. h6 Bh8 17. Nf5 Bxf5 18. gxf5 Bf6 19. f4 gxf4 20. Bxf4 Kh8 21. Rg2
Qe7 22. Rdg1 Rg8 23. Rg3 Rxg3 24. Rxg3 Rg8 25. Qg2 Qf8 26. Ne2 Rxg3 27. Nxg3
Qg8 28. Qe2 Bg5 29. Qd2 Bxf4 30. Qxf4 Qg4 31. Qxg4 Nxg4 32. Kd2 Nxh6 33. Kd3
Kg8 34. Nh5 Ng4 35. Kd4 Kf8 36. c4 Ke7 37. b3 c5+ 38. Kd3 Nf6 39. Nf4 Ng4 40.
Nd5+ Kd7 41. Nf4 h6 42. Ke2 a6 43. Kf3 Ne5+ 44. Ke3 Nc6 45. a3 Nd4 46. b4 Nc2+
47. Kd3 Nxa3 48. bxc5 dxc5 49. Nd5 b5 50. cxb5 axb5 51. e5 b4 52. Ne3 h5 53.
Ng2 c4+ 54. Kd2 c3+ 55. Kc1 b3 0-1

[Event "4NCL Online Division 6"]
[Site "online"]
[Date "2020.11.03"]
[Round "6.94"]
[White "Sinha, Anup"]
[Black "Masterson, Desmond"]
[Result "1-0"]
[WhiteElo "1712"]
[BlackElo "992"]
[PlyCount "49"]
[EventDate "2020.11.03"]
[WhiteTeam "Redbridge All Sorts 1"]
[BlackTeam "Deaf England"]

1. e4 e6 2. d4 d5 3. e5 c5 4. c3 Nc6 5. Nf3 a6 6. Bd3 Qb6 7. Bc2 cxd4 8. cxd4
Nge7 9. O-O Nf5 10. Bxf5 exf5 11. Nc3 Be6 12. Ne2 Be7 13. Nf4 Nd8 14. Qa4+ Qc6
15. Qb3 b5 16. Nxe6 Qxe6 17. Bg5 Bxg5 18. Nxg5 Qd7 19. Rac1 Ne6 20. Nxe6 Qxe6
21. Rc5 Rd8 22. Rfc1 O-O 23. Rc6 Rc8 24. Qc3 Qd7 25. Rxc8 1-0

[Event "4NCL Online Division 6"]
[Site "online"]
[Date "2020.11.03"]
[Round "6.101"]
[White "Sarpotdar, Amogh"]
[Black "Hossain Mohammed, Ashraf"]
[Result "0-1"]
[WhiteElo "2020"]
[BlackElo "1750"]
[PlyCount "82"]
[EventDate "2020.11.03"]
[WhiteTeam "Stroud Middles"]
[BlackTeam "Enfield 1"]

1. e4 e5 2. Nf3 Nc6 3. Bb5 a6 4. Bxc6 dxc6 5. O-O Bg4 6. h3 Bh5 7. d3 h6 8. Be3
Nf6 9. Nbd2 Be7 10. g4 Bg6 11. Nxe5 O-O 12. f4 Bh7 13. Ndf3 Nd7 14. Nc4 b5 15.
Na5 Bc5 16. Qe2 Re8 17. c3 Bxe4 18. dxe4 Rxe4 19. Nd4 Qh4 20. Rf3 Rae8 21. Re1
Nb6 22. Naxc6 Nd5 23. Ne5 Nxf4 24. Rxf4 Qg3+ 25. Kf1 R4xe5 26. Rf3 Qh4 27. Qf2
Qd8 28. Nc6 Qd3+ 29. Kg2 Rxe3 30. Rexe3 Rxe3 31. Ne5 Qe4 32. Nd7 Re2 33. Nxc5
Rxf2+ 34. Kxf2 Qc2+ 35. Kg3 Qxb2 36. Nxa6 c5 37. Nxc5 Qxa2 38. Ne4 Qb1 39. Nf2
g5 40. Kg2 Qe1 41. Kg3 Qg1# 0-1

[Event "4NCL Online Division 6"]
[Site "online"]
[Date "2020.11.03"]
[Round "6.102"]
[White "McNish, David"]
[Black "Killey, Ainsley"]
[Result "1/2-1/2"]
[WhiteElo "1727"]
[BlackElo "1577"]
[PlyCount "84"]
[EventDate "2020.11.03"]
[WhiteTeam "Enfield 1"]
[BlackTeam "Stroud Middles"]

1. d4 d5 2. Nf3 Nf6 3. e3 Bg4 4. h3 Bh5 5. Nbd2 e6 6. c3 c5 7. Qa4+ Nbd7 8. Bd3
Be7 9. O-O O-O 10. Re1 Bxf3 11. Nxf3 Ne4 12. Bxe4 dxe4 13. Nd2 Nb6 14. Qb3 Qd5
15. Qc2 f5 16. c4 Qc6 17. dxc5 Qxc5 18. b3 Bf6 19. Bb2 Bxb2 20. Qxb2 Rfd8 21.
Red1 Qc7 22. Rac1 Nd7 23. b4 Ne5 24. Qb3 Rd3 25. Qc2 Rad8 26. Nf1 Rxd1 27. Rxd1
Rxd1 28. Qxd1 Qxc4 29. Qd8+ Kf7 30. a3 Qd5 31. Qc7+ Qd7 32. Qc5 Nd3 33. Qxa7 e5
34. Ng3 g6 35. Qb8 Qc6 36. Qh8 Qc1+ 37. Kh2 Qxa3 38. Qxh7+ Kf6 39. Qh8+ Kf7 40.
Qh7+ Kf6 41. Qh8+ Kf7 42. Qh7+ Kf6 1/2-1/2

[Event "4NCL Online Division 6"]
[Site "online"]
[Date "2020.11.03"]
[Round "6.103"]
[White "Davis, Cameron"]
[Black "O'Caolaidhe, Cormac"]
[Result "1/2-1/2"]
[WhiteElo "1487"]
[BlackElo "1555"]
[PlyCount "149"]
[EventDate "2020.11.03"]
[WhiteTeam "Stroud Middles"]
[BlackTeam "Enfield 1"]

1. d4 d5 2. Bg5 Nf6 3. e3 e6 4. Nd2 Be7 5. Bd3 h6 6. Bh4 c5 7. c3 c4 8. Bc2 Nc6
9. Ngf3 O-O 10. O-O b5 11. e4 dxe4 12. Nxe4 Nxe4 13. Bxe7 Nxe7 14. Bxe4 Rb8 15.
Qe2 Bb7 16. Bxb7 Rxb7 17. a4 a6 18. Ne5 Qc7 19. Ra2 Rfb8 20. Rfa1 b4 21. g3 Nd5
22. Qxc4 Qxc4 23. Nxc4 bxc3 24. bxc3 Rb1+ 25. Rxb1 Rxb1+ 26. Kg2 Nxc3 27. Rc2
Nxa4 28. Ne5 Rb7 29. Rc8+ Kh7 30. Ra8 Nc3 31. Rxa6 Nd5 32. h4 g6 33. Rd6 Kg7
34. Kf3 g5 35. hxg5 hxg5 36. Rd7 Rxd7 37. Nxd7 Nc3 38. Nc5 Kg6 39. Ne4 Nb5 40.
Ke3 f5 41. Nc5 Kf6 42. Nd7+ Ke7 43. Ne5 Kd6 44. Nf7+ Kd5 45. Nxg5 Nxd4 46. f3
e5 47. g4 fxg4 48. fxg4 Ne6 49. Nh7 Nf4 50. g5 Ke6 51. Ke4 Ng6 52. Nf6 Nf8 53.
Nd5 Ng6 54. Nb4 Kf7 55. Kf5 Nh4+ 56. Kg4 Ng6 57. Nd5 Ne7 58. Nxe7 Kxe7 59. Kf5
Kf7 60. Kxe5 Kg6 61. Kf4 Kg7 62. Kf5 Kf7 63. Kg4 Kg6 64. Kh4 Kg7 65. Kh5 Kh7
66. g6+ Kg7 67. Kg5 Kg8 68. Kf5 Kg7 69. Kg5 Kg8 70. Kf6 Kf8 71. Kg5 Kg7 72. Kh5
Kg8 73. Kh6 Kh8 74. g7+ Kg8 75. Kg6 1/2-1/2

[Event "4NCL Online Division 6"]
[Site "online"]
[Date "2020.11.03"]
[Round "6.104"]
[White "Kapur, Gul"]
[Black "Sarpotdar, Angad"]
[Result "0-1"]
[WhiteElo "1532"]
[BlackElo "1450"]
[PlyCount "74"]
[EventDate "2020.11.03"]
[WhiteTeam "Enfield 1"]
[BlackTeam "Stroud Middles"]

1. d4 f5 2. Nc3 Nf6 3. Nf3 e6 4. Bg5 Be7 5. a3 O-O 6. Nb5 a6 7. Nc3 d6 8. g3
Bd7 9. Bg2 Bc6 10. b4 Ne4 11. Bxe7 Qxe7 12. Qd3 Nd7 13. e3 Ndf6 14. Nd2 Qf7 15.
O-O Nxd2 16. Qxd2 Bxg2 17. Kxg2 d5 18. h3 g5 19. f4 h6 20. Rac1 Kh7 21. Kh2 Rg8
22. fxg5 Rxg5 23. Rg1 Rag8 24. Qe1 R8g6 25. Ne2 Ne4 26. c4 c6 27. Rc2 Rg7 28.
Qf1 Nf6 29. Nf4 h5 30. Rcg2 Kh8 31. cxd5 exd5 32. Qf3 Rh7 33. Kh1 Ne4 34. Rf1
Qg8 35. Rfg1 Rg4 36. Kh2 Ng5 37. Ne2 Nxf3+ 0-1

[Event "4NCL Online Division 6"]
[Site "online"]
[Date "2020.11.03"]
[Round "6.112"]
[White "Kirkman, Nigel J"]
[Black "Kashanin, Daniil"]
[Result "1-0"]
[WhiteElo "1772"]
[BlackElo "1359"]
[PlyCount "79"]
[EventDate "2020.11.03"]
[WhiteTeam "Calstock Killers"]
[BlackTeam "St Benildus D"]

1. c4 Nf6 2. g3 g6 3. Bg2 Bg7 4. Nc3 d6 5. d4 O-O 6. e4 e5 7. d5 Nh5 8. Be3 f5
9. Nge2 f4 10. gxf4 exf4 11. Bd4 f3 12. Bxg7 Kxg7 13. Ng3 Nxg3 14. hxg3 fxg2
15. Rg1 Qg5 16. Qd4+ Qf6 17. Qxf6+ Rxf6 18. Rxg2 Bg4 19. Kd2 Nd7 20. f4 Nc5 21.
b4 Bf3 22. Rf2 Nxe4+ 23. Nxe4 Bxe4 24. Re2 Bf5 25. Rae1 Rf7 26. Re8 Rxe8 27.
Rxe8 Rf8 28. Re7+ Rf7 29. Re8 c6 30. Ra8 a6 31. dxc6 bxc6 32. Rxa6 Rc7 33. a4
Be6 34. Kc3 Kf6 35. c5 d5 36. Kd4 Kf5 37. b5 Kg4 38. b6 Bc8 39. Ra7 Bb7 40.
bxc7 1-0

[Event "4NCL Online Division 6"]
[Site "online"]
[Date "2020.11.03"]
[Round "6.113"]
[White "Cooney, Thomas"]
[Black "Henderson, Jason"]
[Result "0-1"]
[WhiteElo "1207"]
[BlackElo "1697"]
[PlyCount "88"]
[EventDate "2020.11.03"]
[WhiteTeam "St Benildus D"]
[BlackTeam "Calstock Killers"]

1. e4 e6 2. d4 d5 3. Nc3 Nf6 4. Bg5 dxe4 5. Nxe4 Be7 6. Bxf6 gxf6 7. Nf3 a6 8.
Bd3 b5 9. O-O Bb7 10. c3 Rg8 11. Re1 h5 12. Qd2 f5 13. Ng3 h4 14. Nxh4 Bxh4 15.
Bxf5 Nd7 16. d5 Nf6 17. Qe2 Qxd5 18. Be4 Nxe4 19. Nxe4 Qxe4 20. Qxe4 Bxe4 21.
Rxe4 Be7 22. Rae1 Rg6 23. f4 O-O-O 24. Kf1 Bd6 25. a4 Rh8 26. h3 Rf6 27. axb5
axb5 28. Ra1 Kb7 29. c4 bxc4 30. Rxc4 Rxf4+ 31. Rxf4 Bxf4 32. Ra4 Bd6 33. Rg4
f5 34. Rg6 e5 35. Rf6 Rf8 36. Rh6 f4 37. Kf2 e4 38. h4 Bc5+ 39. Ke2 f3+ 40.
gxf3 exf3+ 41. Kf1 f2 42. Rg6 Rh8 43. Rg4 Rh5 44. Ke2 Re5+ 0-1

[Event "4NCL Online Division 6"]
[Site "online"]
[Date "2020.11.03"]
[Round "6.114"]
[White "Hill, Michael"]
[Black "Kashanin, Dimitry"]
[Result "1-0"]
[WhiteElo "1675"]
[BlackElo "948"]
[PlyCount "77"]
[EventDate "2020.11.03"]
[WhiteTeam "Calstock Killers"]
[BlackTeam "St Benildus D"]

1. Nf3 c6 2. c4 d5 3. e3 Nf6 4. d4 Bf5 5. Nbd2 e6 6. a3 Be7 7. b4 b6 8. Bb2 O-O
9. Rc1 Nbd7 10. Be2 Rc8 11. c5 bxc5 12. dxc5 a5 13. O-O Rb8 14. Bc3 axb4 15.
axb4 h6 16. Nd4 Qc7 17. Nxf5 exf5 18. Bd3 Ne4 19. Qc2 Bf6 20. Nxe4 fxe4 21. Be2
Qb7 22. Rb1 Bxc3 23. Qxc3 Nf6 24. b5 cxb5 25. Bxb5 Qc7 26. g3 Rfc8 27. c6 Ne8
28. Ba6 Rd8 29. Rxb8 Rxb8 30. Rc1 Ra8 31. Bb7 Rb8 32. Qd4 Nd6 33. Ba6 Rd8 34.
Qxd5 Nb5 35. Qxb5 Rd2 36. Qb7 Qd6 37. c7 Qf6 38. c8=Q+ Kh7 39. Qxe4+ 1-0

[Event "4NCL Online Division 6"]
[Site "online"]
[Date "2020.11.03"]
[Round "6.121"]
[White "Eedle, Eric F"]
[Black "Tait, Bill"]
[Result "1-0"]
[WhiteElo "1787"]
[BlackElo "1640"]
[PlyCount "67"]
[EventDate "2020.11.03"]
[WhiteTeam "Barnet Knights B"]
[BlackTeam "Bradford DCA Knights C"]

1. d4 d5 2. c4 c6 3. Nc3 Nf6 4. Nf3 Nbd7 5. e3 e6 6. Qc2 b6 7. Bd3 h6 8. O-O
Be7 9. Rd1 Bb7 10. Ne5 O-O 11. cxd5 Nxd5 12. a3 Nxc3 13. Qxc3 Nxe5 14. dxe5 Qc7
15. b4 c5 16. Bb2 Rfd8 17. b5 Rd7 18. Bc4 Rad8 19. Qb3 Bd5 20. Rf1 Qb7 21. f3
Bxc4 22. Qxc4 Rd3 23. e4 Qd7 24. Rac1 Rd2 25. Bc3 Rd3 26. a4 Qc7 27. Rce1 R8d7
28. f4 g6 29. f5 Kh7 30. fxe6 fxe6 31. Rf7+ Kh8 32. Qxe6 Rxc3 33. Qxg6 Qxe5 34.
Qh7# 1-0

[Event "4NCL Online Division 6"]
[Site "online"]
[Date "2020.11.03"]
[Round "6.122"]
[White "Gallagher, Dominic"]
[Black "Vaidya, Raghav"]
[Result "0-1"]
[WhiteElo "1630"]
[BlackElo "1765"]
[PlyCount "120"]
[EventDate "2020.11.03"]
[WhiteTeam "Bradford DCA Knights C"]
[BlackTeam "Barnet Knights B"]

1. d4 Nf6 2. Bf4 c5 3. d5 d6 4. Nc3 e5 5. Bg5 Be7 6. e4 a6 7. a4 O-O 8. Be2
Nxd5 9. Nxd5 Bxg5 10. c4 f5 11. Bf3 Nc6 12. Ne2 Qa5+ 13. Nec3 Nd4 14. O-O Be6
15. Rb1 Nxf3+ 16. Qxf3 fxe4 17. Qh5 Bxd5 18. Nxd5 Bf6 19. Qf5 Rae8 20. Qxe4
Qxa4 21. Nb6 Qc6 22. Qxc6 bxc6 23. Nd7 Rf7 24. Nxf6+ gxf6 25. Rfd1 Rd8 26. b4
cxb4 27. Rxb4 d5 28. Rb6 Rfd7 29. Rxc6 dxc4 30. Rxd7 Rxd7 31. Kf1 Rd4 32. Rxa6
Kg7 33. Rc6 Kg6 34. Ke2 Kf5 35. f3 h5 36. g3 Kg5 37. Ke3 h4 38. Rc8 hxg3 39.
hxg3 Rd3+ 40. Ke4 f5+ 41. Kxe5 Rxf3 42. Rxc4 Rxg3 43. Rc8 f4 44. Rg8+ Kh4 45.
Rh8+ Kg4 46. Ke4 Re3+ 47. Kd4 Kg3 48. Rg8+ Kf3 49. Rg7 Re4+ 50. Kd3 Re3+ 51.
Kd2 Kf2 52. Rf7 f3 53. Rg7 Re2+ 54. Kd1 Kf1 55. Rf7 f2 56. Rg7 Re3 57. Kd2 Rh3
58. Rg6 Rh2 59. Rg7 Rg2 60. Ra7 Kg1 0-1

[Event "4NCL Online Division 6"]
[Site "online"]
[Date "2020.11.03"]
[Round "6.123"]
[White "Vyas, Alisha"]
[Black "Redmond, Nigel"]
[Result "1-0"]
[WhiteElo "1682"]
[BlackElo "1565"]
[PlyCount "83"]
[EventDate "2020.11.03"]
[WhiteTeam "Barnet Knights B"]
[BlackTeam "Bradford DCA Knights C"]

1. e4 d5 2. exd5 Nf6 3. d4 Bg4 4. f3 Bf5 5. c4 e6 6. dxe6 Nc6 7. exf7+ Kxf7 8.
d5 Bb4+ 9. Bd2 Re8+ 10. Be2 Bxd2+ 11. Qxd2 Ne5 12. Kf1 Qd6 13. Nc3 a6 14. Re1
c6 15. h3 h6 16. g4 Bg6 17. f4 Ned7 18. f5 Bh7 19. Nf3 Qg3 20. Bd1 Rxe1+ 21.
Qxe1 Qf4 22. Kg2 Re8 23. Qg3 Qxc4 24. dxc6 Qxc6 25. Re1 Ne4 26. Nxe4 Rxe4 27.
Bb3+ Kf8 28. Rxe4 Qxe4 29. Qd6+ Qe7 30. Qxe7+ Kxe7 31. Be6 g6 32. Bxd7 Kxd7 33.
fxg6 Bg8 34. a3 Bd5 35. Kg3 Ke6 36. h4 Kf6 37. h5 b5 38. Kf4 a5 39. Nd4 a4 40.
Nxb5 Bc4 41. Nd4 Bd5 42. Nf5 1-0

[Event "4NCL Online Division 6"]
[Site "online"]
[Date "2020.11.03"]
[Round "6.124"]
[White "Waite, Nicholas"]
[Black "Sanfey, Gregor"]
[Result "0-1"]
[WhiteElo "1420"]
[BlackElo "1690"]
[PlyCount "42"]
[EventDate "2020.11.03"]
[WhiteTeam "Bradford DCA Knights C"]
[BlackTeam "Barnet Knights B"]

1. c4 c5 2. Nc3 Nc6 3. g3 g6 4. Bg2 Bg7 5. e4 e6 6. Nge2 Nge7 7. d3 O-O 8. Be3
Nd4 9. Qd2 Rb8 10. Bh6 f5 11. Bxg7 Kxg7 12. Nxd4 cxd4 13. Ne2 Nc6 14. h4 Qf6
15. O-O-O b5 16. h5 bxc4 17. hxg6 hxg6 18. Qh6+ Kf7 19. Nf4 Ne5 20. dxc4 Nxc4
21. Nxg6 Qxg6 0-1

[Event "4NCL Online Division 6"]
[Site "online"]
[Date "2020.11.03"]
[Round "6.131"]
[White "Kumar, Sanjit S"]
[Black "Kenning, Paul H"]
[Result "0-1"]
[WhiteElo "1817"]
[BlackElo "1922"]
[PlyCount "46"]
[EventDate "2020.11.03"]
[WhiteTeam "KCJS"]
[BlackTeam "Anglia Avengers 3"]

1. e4 d6 2. d4 Nf6 3. Nc3 e5 4. dxe5 dxe5 5. Qxd8+ Kxd8 6. Bc4 Ke8 7. Nf3 Bd6
8. Bg5 Nbd7 9. O-O-O a6 10. Rd2 b5 11. Bb3 b4 12. Bxf6 bxc3 13. Rxd6 cxb2+ 14.
Kb1 cxd6 15. Bxg7 Rg8 16. Bh6 Nc5 17. Bd5 Bb7 18. Bxb7 Nxb7 19. g3 Nc5 20. Nd2
Rb8 21. f3 Na4 22. Nb3 Ke7 23. Rd1 Nc3+ 0-1

[Event "4NCL Online Division 6"]
[Site "online"]
[Date "2020.11.03"]
[Round "6.132"]
[White "Marshall, Michael"]
[Black "Hill-Wood, T Wilfred D"]
[Result "1/2-1/2"]
[WhiteElo "1832"]
[BlackElo "1630"]
[PlyCount "28"]
[EventDate "2020.11.03"]
[WhiteTeam "Anglia Avengers 3"]
[BlackTeam "KCJS"]

1. d4 Nf6 2. Bf4 d5 3. e3 Bf5 4. c4 e6 5. Nc3 Bd6 6. Bg3 c6 7. Nf3 O-O 8. Be2
h6 9. O-O Bxg3 10. hxg3 Nbd7 11. cxd5 cxd5 12. Rc1 a6 13. a4 Qb6 14. b3 Rac8
1/2-1/2

[Event "4NCL Online Division 6"]
[Site "online"]
[Date "2020.11.03"]
[Round "6.133"]
[White "Soulier, Alfred"]
[Black "Stephens, Robert Wynn"]
[Result "0-1"]
[WhiteElo "1630"]
[BlackElo "1787"]
[PlyCount "128"]
[EventDate "2020.11.03"]
[WhiteTeam "KCJS"]
[BlackTeam "Anglia Avengers 3"]

1. d4 g6 2. Nc3 Bg7 3. e4 d6 4. f4 a6 5. Nf3 b5 6. a3 Bb7 7. Bd3 Nd7 8. O-O
Ngf6 9. Re1 O-O 10. Bd2 c5 11. d5 Nb6 12. Rb1 Bc8 13. b4 c4 14. Bf1 e6 15. dxe6
Bxe6 16. Nd4 Bd7 17. Qe2 Nxe4 18. Qxe4 Re8 19. Qf3 Bxd4+ 20. Kh1 Bf5 21. Rbc1
Qd7 22. Be2 Qc8 23. Nd1 Be4 24. Qg3 Bb7 25. c3 Bg7 26. Ne3 Qd7 27. Rcd1 Re7 28.
Nc2 Rae8 29. Qf2 Nd5 30. Nd4 Nf6 31. Bf3 Ne4 32. Bxe4 Bxe4 33. Nf3 d5 34. Nd4
Bxd4 35. Qxd4 Qg4 36. Qf2 Bd3 37. h3 Qd7 38. Re3 Rxe3 39. Bxe3 f6 40. Re1 Kg7
41. Bd4 Rxe1+ 42. Qxe1 Be4 43. Qg3 Qf5 44. Qe3 Qh5 45. Bb6 Qd1+ 46. Qg1 Qc2 47.
Bd4 Qd2 48. Qf1 Qa2 49. Qg1 Qxa3 50. Qd1 Qa2 51. Qf1 a5 52. bxa5 Qxa5 53. Qb1
Bxb1 54. g4 Be4+ 55. Kg1 Qa2 56. Bf2 Qa1+ 57. Kh2 Qxc3 58. Kg1 Qf3 59. Kf1 c3
60. Ke1 c2 61. Kd2 Qd3+ 62. Kc1 Qd1+ 63. Kb2 c1=Q+ 64. Ka2 Qa4# 0-1

[Event "4NCL Online Division 6"]
[Site "online"]
[Date "2020.11.03"]
[Round "6.134"]
[White "Gu, William"]
[Black "Patel, Sen"]
[Result "0-1"]
[WhiteElo "1622"]
[BlackElo "1532"]
[PlyCount "62"]
[EventDate "2020.11.03"]
[WhiteTeam "Anglia Avengers 3"]
[BlackTeam "KCJS"]

1. d4 d5 2. c4 e6 3. Nf3 Nf6 4. Nc3 c5 5. cxd5 Nxd5 6. e4 Nxc3 7. bxc3 cxd4 8.
cxd4 Bb4+ 9. Bd2 Bxd2+ 10. Qxd2 O-O 11. Bc4 Nc6 12. O-O b6 13. Rfe1 Bb7 14.
Rad1 Rc8 15. Bb5 Qd6 16. Bxc6 Rxc6 17. Ne5 Rc7 18. Qb2 Rfc8 19. Qa1 Rc2 20. Rc1
Bxe4 21. Rxc2 Bxc2 22. Nf3 h6 23. Qb2 Bf5 24. Rc1 Rxc1+ 25. Qxc1 Be4 26. Qc3
Bxf3 27. gxf3 Qd5 28. Qc8+ Kh7 29. Qc7 Qxa2 30. Qxf7 Qb1+ 31. Kg2 Qg6+ 0-1

[Event "4NCL Online Division 6"]
[Site "online"]
[Date "2020.11.03"]
[Round "6.141"]
[White "Newton, Ben"]
[Black "Buanne, Luca"]
[Result "0-1"]
[WhiteElo "1682"]
[BlackElo "2005"]
[PlyCount "44"]
[EventDate "2020.11.03"]
[WhiteTeam "Ashton 2"]
[BlackTeam "Battersea Juniors"]

1. e4 c5 2. d4 cxd4 3. c3 dxc3 4. Nxc3 e6 5. Bc4 Bb4 6. Bd2 Ne7 7. Nf3 O-O 8.
O-O d5 9. exd5 exd5 10. Nxd5 Bxd2 11. Qxd2 Nbc6 12. Rad1 Nxd5 13. Bxd5 Qf6 14.
Rfe1 Bg4 15. Rc1 Rad8 16. Ng5 Bh5 17. Ne4 Qf5 18. Rc5 Bg6 19. Bxc6 Qxc5 20.
Nxc5 Rxd2 21. Bxb7 Rxb2 22. Nd7 Rxb7 0-1

[Event "4NCL Online Division 6"]
[Site "online"]
[Date "2020.11.03"]
[Round "6.142"]
[White "Dupuis, Denis K"]
[Black "Shaughnessy, Phillip"]
[Result "1-0"]
[WhiteElo "1870"]
[BlackElo "1510"]
[PlyCount "159"]
[EventDate "2020.11.03"]
[WhiteTeam "Battersea Juniors"]
[BlackTeam "Ashton 2"]

1. e4 e5 2. Nf3 Nc6 3. Bc4 Nf6 4. d3 Bc5 5. c3 d6 6. O-O a5 7. d4 exd4 8. cxd4
Bb6 9. d5 Ne7 10. Nc3 O-O 11. Nd4 Ng6 12. Be3 Re8 13. f3 Bxd4 14. Bxd4 Nh5 15.
Be3 Ngf4 16. g3 Qg5 17. Bxf4 Nxf4 18. Qc1 Nh3+ 19. Kg2 Qh5 20. Nb5 Ng5 21. Qf4
Bh3+ 22. Kh1 Bxf1 23. Rxf1 Nh3 24. Qe3 Re7 25. Be2 Qxd5 26. Nxc7 Qxa2 27. Nxa8
Qxb2 28. Qb6 Qxb6 29. Nxb6 Ng5 30. Rc1 h6 31. Ra1 f5 32. h4 Nf7 33. Nd5 Re5 34.
Nc3 fxe4 35. fxe4 Rc5 36. Nd5 Ne5 37. Rb1 Rc2 38. Bf1 Nf3 39. Bg2 Nd2 40. Rxb7
a4 41. Ra7 Ra2 42. Ne7+ Kf8 43. Nd5 a3 44. Nb4 Ra1+ 45. Kh2 Rb1 46. Nd3 Ra1 47.
h5 Ra2 48. Kh3 Nc4 49. e5 Nxe5 50. Nxe5 dxe5 51. Bd5 Rd2 52. Be6 Rd3 53. Kg4 e4
54. Bf5 Rd2 55. Rxa3 Rd3 56. Ra8+ Kf7 57. Bxe4 Rd4 58. Kf5 Rd1 59. Ra7+ Ke8 60.
Bc6+ Kf8 61. Kg6 Rd6+ 62. Kh7 Rxc6 63. Rxg7 Rf6 64. Rg6 Kf7 65. Rxf6+ Kxf6 66.
Kxh6 Kf7 67. g4 Kg8 68. g5 Kh8 69. g6 Kg8 70. g7 Kf7 71. Kh7 Ke7 72. g8=Q Kd6
73. Kg7 Kd7 74. h6 Ke7 75. h7 Kd6 76. h8=Q Ke5 77. Qh5+ Kf4 78. Qc4+ Kg3 79.
Qhg4+ Kf2 80. Qce2# 1-0

[Event "4NCL Online Division 6"]
[Site "online"]
[Date "2020.11.03"]
[Round "6.143"]
[White "Mundy, Jack"]
[Black "Chaban, Roxolana"]
[Result "0-1"]
[WhiteElo "1472"]
[BlackElo "1735"]
[PlyCount "90"]
[EventDate "2020.11.03"]
[WhiteTeam "Ashton 2"]
[BlackTeam "Battersea Juniors"]

1. e4 c5 2. f4 g6 3. Nf3 Bg7 4. Nc3 Nc6 5. Bb5 Nd4 6. O-O Nxb5 7. Nxb5 a6 8.
Nc3 e6 9. d4 cxd4 10. Nxd4 Ne7 11. Kh1 O-O 12. e5 d6 13. Nf3 dxe5 14. fxe5 Nc6
15. Bf4 b5 16. Ne4 Ne7 17. Qe1 Bb7 18. Rd1 Qc7 19. Nd6 Bxf3 20. Rxf3 Qxc2 21.
Rc1 Qxb2 22. Rc7 Nd5 23. Rxf7 Nxf4 24. R3xf4 Qxe5 25. Rxg7+ Qxg7 26. Qxe6+ Kh8
27. Nf7+ Rxf7 28. Qxf7 Qxf7 29. Rxf7 Kg8 30. Rc7 Rd8 31. h3 Rd2 32. a4 bxa4 33.
Rc3 Rb2 34. Ra3 Rb4 35. Kg1 Kf7 36. Kf2 Ke6 37. Ke2 Kd5 38. g4 Kc5 39. Kd2 Kb5
40. Kc2 Rb3 41. Rxb3+ axb3+ 42. Kxb3 Kc5 43. Kc3 Kd5 44. Kd3 Ke5 45. Ke3 a5 0-1

[Event "4NCL Online Division 6"]
[Site "online"]
[Date "2020.11.03"]
[Round "6.151"]
[White "Wilson, Matthew R"]
[Black "Roderick, Andrew"]
[Result "0-1"]
[WhiteElo "1758"]
[BlackElo "1787"]
[PlyCount "54"]
[EventDate "2020.11.03"]
[WhiteTeam "Wolfpack"]
[BlackTeam "Welwyn Hatfield"]

1. e4 e6 2. d4 a6 3. Nf3 b5 4. a4 Bb7 5. Bd3 c5 6. axb5 axb5 7. Rxa8 Bxa8 8.
dxc5 Bxc5 9. Nbd2 Nf6 10. O-O Qb6 11. Qe2 O-O 12. Nb3 Nc6 13. e5 Ng4 14. Qe4
Bxf2+ 15. Kh1 f5 16. exf6 Nxf6 17. Qe2 Bc5 18. Nxc5 Qxc5 19. Bxb5 Nd4 20. Nxd4
Qxd4 21. Rd1 Qc5 22. Be3 Qc7 23. Bd4 Ne4 24. Bd3 Qc6 25. Re1 Nf2+ 26. Qxf2 Rxf2
27. Bxf2 Qxg2# 0-1

[Event "4NCL Online Division 6"]
[Site "online"]
[Date "2020.11.03"]
[Round "6.152"]
[White "White, David"]
[Black "Hayden, Luke"]
[Result "0-1"]
[WhiteElo "1810"]
[BlackElo "1581"]
[PlyCount "86"]
[EventDate "2020.11.03"]
[WhiteTeam "Welwyn Hatfield"]
[BlackTeam "Wolfpack"]

1. e4 e5 2. Nf3 Nc6 3. Bb5 Nge7 4. O-O a6 5. Ba4 b5 6. Bb3 h6 7. c3 Ng6 8. d4
exd4 9. cxd4 d6 10. Be3 Be7 11. Nc3 O-O 12. Nd5 Na5 13. Nxe7+ Nxe7 14. Bc2 Nc4
15. Bc1 Bg4 16. b3 Nb6 17. h3 Bh5 18. Qd3 f5 19. Nh4 Qd7 20. exf5 Rf6 21. g4
Bf7 22. Bb2 Bd5 23. Ng2 Qc6 24. Nf4 Bh1 25. f3 Bxf3 26. Rxf3 Nbd5 27. Nxd5 Nxd5
28. a3 Re8 29. Rc1 Qb7 30. b4 c5 31. dxc5 dxc5 32. bxc5 Qc6 33. Bb3 Rd8 34.
Bxf6 gxf6 35. Re3 Kg7 36. Re6 Nf4 37. Rxc6 Rxd3 38. Rc7+ Kf8 39. Be6 Ne2+ 40.
Kf2 Nxc1 41. Rc8+ Ke7 42. c6 Rc3 43. c7 Nd3+ 0-1

[Event "4NCL Online Division 6"]
[Site "online"]
[Date "2020.11.03"]
[Round "6.153"]
[White "Wootton, Stephen G"]
[Black "Smith, Andrew PE"]
[Result "0-1"]
[WhiteElo "1637"]
[BlackElo "1757"]
[PlyCount "82"]
[EventDate "2020.11.03"]
[WhiteTeam "Wolfpack"]
[BlackTeam "Welwyn Hatfield"]

1. e4 e5 2. Nf3 d5 3. exd5 e4 4. Ng1 Qxd5 5. Nc3 Qe5 6. Qe2 Nf6 7. g3 Nc6 8.
Qb5 Bd6 9. Qxe5+ Bxe5 10. Bb5 Bd7 11. Bxc6 Bxc6 12. Nge2 O-O-O 13. a4 e3 14.
Rg1 exf2+ 15. Kxf2 Ng4+ 16. Ke1 Nxh2 17. Kf2 Rd6 18. d4 Ng4+ 19. Ke1 Bxd4 20.
Nxd4 Rxd4 21. Ne2 Re8 22. Ra3 Rxa4 23. Rxa4 Bxa4 24. b3 Bb5 25. c4 Bc6 26. Kd2
Rd8+ 27. Kc3 Ne5 28. Nd4 Rxd4 29. Kxd4 Nf3+ 30. Ke3 Nxg1 31. b4 a6 32. Bb2 g6
33. Kf4 Kd7 34. g4 Ke6 35. Kg5 f5 36. gxf5+ gxf5 37. Kh6 Be4 38. Kxh7 f4+ 39.
Kh6 f3 40. Bd4 Nh3 41. Kh5 f2 0-1